Anno pari o dispari? - Statistics

Statistiche generali
  • Questo quiz è stato fatto 57 volte
  • Il punteggio medio è 15 su 25
Statistiche sulle risposte
Hint Risposta % Corretto
L'Italia vince il Campionato mondiale di calcio in Germania Pari
87%
Gli Europei di calcio sono vinti dalla Francia sconfiggendo l'Italia in finale Pari
78%
L'OMS dichiara che l'epidemia di COVID-19 è una pandemia Pari
76%
Attentato al World Trade Center di New York Dispari
72%
Gli Stati Uniti invadono l'Iraq Dispari
72%
Si celebra il 150º anniversario dell'Unità d'Italia. Dispari
72%
L'euro diventa l'unica moneta dell'Unione Europea Pari
72%
L'Aquila è scossa da un violento terremoto di magnitudo 5,9 Dispari
69%
La Russia invade la Crimea Pari
65%
L'Atalanta vince la UEFA Europa League Pari
65%
Apple presenta l'Iphone Dispari
59%
Barack Obama diventa il primo presidente afroamericano degli USA Pari
59%
Papa Benedetto XVI annuncia le sue dimissioni Dispari
57%
Attentato alla sede di Charlie Hebdo Dispari
57%
Muore la regina Elisabetta II Pari
57%
Viene arrestato Matteo Messina Denaro Dispari
56%
Emmanuel Macron diventa il più giovane Presidente della Repubblica francese Dispari
52%
Si tiene il referendum sulla "Brexit" Pari
52%
Nasce Facebook Pari
50%
Giubileo di diamante della regina Elisabetta II Pari
50%
Muore papa Giovanni Paolo II Dispari
46%
A Parigi un grave incendio danneggia gravemente la Cattedrale di Notre-Dame. Dispari
46%
Erutta il vulcano islandese Eyjafjöl Pari
41%
Assalto al Campidoglio da parte dei sostenitori di Donald Trump Dispari
39%
Il Movimento dei gilet gialli inizia una serie di proteste contro il governo francese Pari
33%
Nessun quiz corrispondente trovato
Distribuzione punteggi
Percentuale di utenti per punteggio
Percentile per numero di risposta
I tuoi punteggi nel tempo
Non hai fatto questo quiz